000 00657nam a2200181 a 4500
005 20210223120424.0
008 991125s1991 mx 000 0 spa u
020 _a9687144270
035 _aUPN01000000803
049 _aCG
050 4 _aT58.64
_bV5.28
100 1 _aVincent, David R.
245 1 3 _aLa administración corporativa basada en la información :
_bla economía de los participantes de la empresa y la inversión en tecnología /
_cDavid R. Vincent ; tr. Jaime Gómez Mont.
260 _aMéxico :
_bIMEF,
_c1991.
300 _a345 p.
650 4 _aADMINISTRACION -
_xSISTEMAS DE ALMACENAMIENTO Y RECUPERACION DE INFORMACION
_920237
905 _aLibro
999 _c803
_d803